000 00289nam a22001217a 4500
008 180514b xxu||||| |||| 00| 0 eng d
041 _aeng
080 _a043.3
100 _a0
101 _aSHKI-MTH
245 _aImpakti i Windows Azure në Sistemin Bankar
_cDragusha,K
942 _2udc
_cBK
999 _c45740
_d45740